<?xml version="1.0" encoding="UTF-8"?>
<marc:record xmlns:marc="http://www.loc.gov/MARC21/slim">
   <marc:leader>00000nam a2200000 a 4500</marc:leader>
   <marc:datafield ind1="1" ind2=" " tag="100">
      <marc:subfield code="a">Schawerda, Elisabeth</marc:subfield>
      <marc:subfield code="4">aut</marc:subfield>
      <marc:subfield code="e">Verfasser/-in</marc:subfield>
   </marc:datafield>
   <marc:datafield ind1="0" ind2="0" tag="245">
      <marc:subfield code="a">Eine graue Maus hat ein lila Haus</marc:subfield>
   </marc:datafield>
   <marc:datafield ind1=" " ind2="1" tag="264">
      <marc:subfield code="b">Verlagsanstalt Tyrolia</marc:subfield>
      <marc:subfield code="c">2016</marc:subfield>
   </marc:datafield>
   <marc:datafield ind1="1" ind2=" " tag="490">
      <marc:subfield code="a">Hartpappe</marc:subfield>
   </marc:datafield>
   <marc:datafield ind1="1" ind2=" " tag="520">
      <marc:subfield code="a">Eine Ode an die Farben Eine graue Maus hat ein lila Haus. Ein weißes wär ihr lieber, wie süßer Rahm so hell. Drum kauft sie einen Farbentopf und streicht ihr Häuschen schnell. Zugegeben, Pappbilderbücher zum Thema Farben gibt es viele - zählen die Farbbezeichnungen doch zum ganz frühen  Wortschatz der Kinder. Aber selten ist dieses Thema so charmant und liebevoll dargestellt, wie dies Elisabeth Schawerda und Karoline Neubauer gelungen ist. Eine wahre Ode an die Farben versteckt sich hier in der Geschichte einer kleinen grauen Maus, die sich so gar nicht entscheiden kann, in welcher Farbe</marc:subfield>
   </marc:datafield>
   <marc:datafield ind1=" " ind2=" " tag="020">
      <marc:subfield code="a">9783702235185</marc:subfield>
      <marc:subfield code="9">9783702235185</marc:subfield>
   </marc:datafield>
</marc:record>
